| 000 | 00480nam a2200205Ia 4500 | ||
|---|---|---|---|
| 008 | 210210b2006 xxu||||| |||| 00| 0 eng d | ||
| 020 | _a8173196303 | ||
| 041 | _aeng | ||
| 082 | _a539.7 NAIA | ||
| 100 | _aNAIR (K P R) | ||
| 245 | _aAtoms molecules and lasers | ||
| 260 |
_aNew Delhi _bNarosa Publishing House _c2006 |
||
| 300 | _aix,416 | ||
| 650 | _amolecules | ||
| 650 | _alasers | ||
| 650 | _aAtoms | ||
| 650 | _aand | ||
| 690 | _aAtomic Physics | ||
| 906 | _a062541 | ||
| 999 |
_c117656 _d117656 |
||